| 000 | 00636nam a2200181 4500 | ||
|---|---|---|---|
| 003 | LK-CoMWRAF | ||
| 005 | 20240118131229.0 | ||
| 008 | 231214b |||||||| |||| 00| 0 eng d | ||
| 020 | _a9551004000 | ||
| 040 |
_aLK-CoMWRAF _dLK-CoMWRAF _eLK-CoMWRAF |
||
| 041 | _asin | ||
| 082 |
_a305.43 _bGAM |
||
| 245 | _aගම් පෙතට එළිය දුන් විල්පොත කතුන් | ||
| 246 | _aGam pethata eliyadun wilpotha kathun | ||
| 260 |
_aහලාවත : _bකාන්තා ඉතුරුම් පරිශ්රමය _c2004 |
||
| 700 |
_aවීරසිංහ, තිලිනා _eed. |
||
| 942 | _cBK | ||
| 999 |
_c4458 _d4458 |
||